banner koha

Coeficiente de digestibilidade in vitro e teores de proteina bruta, calcio e fosforo da grama-tio-Pedro (Paspalum oteroi)no Pantanal Mato-Grossense (Registro n. 285139)

MARC details
000 -LÍDER
campo de controle de tamanho fixo 01129nac a22003137a 4500
001 - NÚMERO DE CONTROLE
campo de controle BR9300886
003 - IDENTIFICADOR DO NÚMERO DE CONTROLE
campo de controle BR-BrBNA
005 - DATA E HORÁRIO DA ÚLTIMA TRANSAÇÃO
campo de controle 20240105121417.0
008 - CAMPO DE DADOS FIXOS--INFORMAÇÃO GERAL
campo de controle de tamanho fixo 230509b bl.|||m| |||| 00| 0 por d
040 ## - FONTE DA CATALOGAÇÃO
Instituição da catalogação original BR-BrBNA
Idioma da catalogação por
Instituição que transcreveu o registro Biblioteca Nacional de Agricultura
072 ## - CÓDIGO DE CATEGORIA DE ASSUNTO
Código de Categoria de Assunto Q54
090 ## - NÚMERO DE CHAMADA LOCAL
Número de chamada 1930 BR9300886
100 1# - ENTRADA PRINCIPAL--NOME PESSOAL
Nome pessoal Pott, E.B.
110 1# - ENTRADA PRINCIPAL--NOME CORPORATIVO
Nome corporativo ou nome da jurisdição Unidade de Execucao de Pesquisa de Ambito Estadual de Corumba, MS (Brasil)
9 (RLIN) 10360
245 1# - TÍTULO
Título Coeficiente de digestibilidade in vitro e teores de proteina bruta, calcio e fosforo da grama-tio-Pedro (Paspalum oteroi)no Pantanal Mato-Grossense
260 3# - PUBLICAÇÃO, DISTRIBUIÇÃO, ETC.
Local de publicação, distribuição, etc. Corumba, MS (Brasil):
Data da publicação, distribuição, etc. 1982.
300 ## - DESCRIÇÃO FÍSICA
Extensão 32 p.
490 ## - TÍTULO DA SÉRIE
Título da série Circular Tecnica - Unidade de Execucao de Pesquisa de Ambito Estadual de Corumba (Brazil)
Número do volume ou designação sequencial da série no. 12
ISSN - International Standard Serial Number ISSN 0100-7866
500 ## - NOTA GERAL
Nota geral 23 ref.; 6 tables; Summaries (En, Pt)
650 ## - ASSUNTO--TERMO TÓPICO
Cabeçalho tópico ou nome geográfico Graminea Forrageira
650 ## - ASSUNTO--TERMO TÓPICO
Cabeçalho tópico ou nome geográfico Pastagem
650 ## - ASSUNTO--TERMO TÓPICO
Cabeçalho tópico ou nome geográfico Digestibilidade in Vitro
650 ## - ASSUNTO--TERMO TÓPICO
Cabeçalho tópico ou nome geográfico Calcio
650 ## - ASSUNTO--TERMO TÓPICO
Cabeçalho tópico ou nome geográfico Fosforo
650 ## - ASSUNTO--TERMO TÓPICO
Cabeçalho tópico ou nome geográfico Proteina
650 ## - ASSUNTO--TERMO TÓPICO
Cabeçalho tópico ou nome geográfico Mato Grosso do Sul
909 ## -
-- 202312
-- Lúcia Elande
-- 55
-- Lúcia Elande
942 ## - ELEMENTOS DE ENTRADA ADICIONADOS (KOHA)
Fonte da classificação ou esquema de arquivamento na estante Classificação AGRIS
Ocultar no OPAC Não
Tipo de material Koha Monografia Seriada
Exemplares
Situação do descarte Fonte da classificação ou esquema de arquivamento na estante Situação física Não pode ser emprestado Coleção Biblioteca de origem Biblioteca atual Localização na estante Total de empréstimos Número de telefone completo Código de barras Data de último acesso Tipo de material Koha Fonte de aquisição
  Classificação AGRIS       Biblioteca Nacional de Agricultura - Binagri Biblioteca Nacional de Agricultura - Binagri Agrobase - Acervo Geral   1930 BR9300886 1930 BR9300886 18/12/2023 Monografia Seriada Portaria Interministerial nº 164/94

BINAGRI

Telefone: (61)3218-2567/2388/3357/2097 - binagri@agro.gov.br

Ministério da Agricultura e Pecuária , Esplanada dos Ministérios, Bloco D, Anexo B, Brasília/DF, CEP: 70.043-900